Novell netware : εγχειρίδιο χρήσης
Saved in:
| Main Author: | |
|---|---|
| Format: | Book |
| Language: | Greek English |
| Published: |
[Χ.τ.]
Wordware publishing,Inc.,
1992.
|
| Subjects: | |
| Tags: |
Add Tag
No Tags, Be the first to tag this record!
|
MARC
| LEADER | 00000cam a2200000 i 4500 | ||
|---|---|---|---|
| 001 | 1/22259 | ||
| 008 | 960710s1992 xx | ||| |||| ||gre|| | ||
| 020 | |a 9603320048 | ||
| 035 | |l 10021867 | ||
| 040 | |a GR-MyUa |b gre |e AACR2 | ||
| 041 | 1 | |a gre |h eng | |
| 082 | 7 | |a 004.68 |2 (22) | |
| 100 | 1 | |a McDonald, Timothy. | |
| 245 | 1 | 0 | |a Novell netware : |b εγχειρίδιο χρήσης / |c Timothy K.McDonald. |
| 260 | |a [Χ.τ.] |b Wordware publishing,Inc., |c 1992. | ||
| 300 | |a 248 σ. ; |c 24 εκ. | ||
| 500 | |a Καλύπτει τις εκδόσεις 2.2,3.11 και 3.12 (2.Χ και 3.Χ). | ||
| 630 | 0 | 0 | |a NetWare. |
| 852 | |a INST |b CHIOS |e 19960710 |h 004.68 MCD |p 005200003798 |q 005200003798 |t BK |y 0 | ||
| 852 | |a INST |b LESVOS |e 20000414 |h 004.68 MCD |p 005100023212 |q 005100023212 |t BK |y 0 | ||